Mariano Marcos State University

University Library System

A Web-based management information system for the alumni relations office of the Mariano Marcos State University (Record no. 9538)

MARC details
000 -LEADER
fixed length control field 00653nam a22001697a 4500
003 - CONTROL NUMBER IDENTIFIER
control field OSt
005 - DATE AND TIME OF LATEST TRANSACTION
control field 20171010095439.0
008 - FIXED-LENGTH DATA ELEMENTS--GENERAL INFORMATION
fixed length control field 120607t xxu||||| |||| 00| 0 eng d
040 ## - CATALOGING SOURCE
Original cataloging agency MMSU
Transcribing agency ULS
100 ## - MAIN ENTRY--PERSONAL NAME
Personal name Meude, Myla B., Alonzo, Nathaniel L.
9 (RLIN) 10091
245 ## - TITLE STATEMENT
Title A Web-based management information system for the alumni relations office of the Mariano Marcos State University
Statement of responsibility, etc. Myla B. Meude, Nathaniel L. Alonzo
260 ## - PUBLICATION, DISTRIBUTION, ETC.
Date of publication, distribution, etc. 2007
300 ## - PHYSICAL DESCRIPTION
Extent x, 108 leaves
Dimensions 28 cm.
500 ## - GENERAL NOTE
General note Thesis (BS Computer Science) -- Mariano Marcos State University-College of Arts and Sciences, Batac City
504 ## - BIBLIOGRAPHY, ETC. NOTE
Bibliography, etc. note Bibliography: leaf 53
942 ## - ADDED ENTRY ELEMENTS (KOHA)
Source of classification or shelving scheme
Koha item type Thesis/Dissertation
Holdings
Withdrawn status Lost status Source of classification or shelving scheme Damaged status Not for loan Home library Current library Date acquired Total Checkouts Barcode Date last seen Price effective from Koha item type Public note
          REF REF 06/07/2012   3332-Un 10/10/2017 10/10/2017 Thesis/Dissertation Library Use only

© 2023 Mariano Marcos State University. All Rights Reserved.

Powered by Koha